La bulimia (Record no. 111968)
[ view plain ]
| 000 -LEADER | |
|---|---|
| fixed length control field | 00696nam a22002177a 4500 |
| 005 - DATE AND TIME OF LATEST TRANSACTION | |
| control field | 20230918122227.0 |
| 008 - FIXED-LENGTH DATA ELEMENTS--GENERAL INFORMATION | |
| fixed length control field | 230918b sp |||||||| |||| 00| 0 spa d |
| 020 ## - INTERNATIONAL STANDARD BOOK NUMBER | |
| International Standard Book Number | 8489920745 |
| 050 04 - LIBRARY OF CONGRESS CALL NUMBER | |
| Classification number | RC552.B84 |
| Item number | F74 1999 |
| 100 1# - MAIN ENTRY--PERSONAL NAME | |
| Personal name | French, Barbara |
| 240 10 - UNIFORM TITLE | |
| Uniform title | Coping with bulimia |
| Language of a work | Español. |
| 245 13 - TITLE STATEMENT | |
| Title | La bulimia |
| Statement of responsibility, etc | / Barbara French, traducción de Bibiana Lienas. |
| 250 ## - EDITION STATEMENT | |
| Edition statement | 1a ed. |
| 260 ## - PUBLICATION, DISTRIBUTION, ETC. (IMPRINT) | |
| Place of publication, distribution, etc | Barcelona, España: |
| Name of publisher, distributor, etc | Paidos ibérica, |
| Place of publication, distribution, etc | México : |
| Name of publisher, distributor, etc | Paidós Mexicana, |
| Date of publication, distribution, etc | 1999. |
| 300 ## - PHYSICAL DESCRIPTION | |
| Extent | 233 p. ; |
| Dimensions | 20 cm. |
| 490 0# - SERIES STATEMENT | |
| Series statement | Salud y calidad de vida ; |
| Volume number/sequential designation | 6. |
| 504 ## - BIBLIOGRAPHY, ETC. NOTE | |
| Bibliography, etc | Bibliografía : p. 231-233 |
| 650 #7 - SUBJECT ADDED ENTRY--TOPICAL TERM | |
| Source of heading or term | lemb |
| Topical term or geographic name as entry element | Bulimia |
| 700 1# - ADDED ENTRY--PERSONAL NAME | |
| Personal name | Lienas, Bibiana, |
| Relator term | traductor |
| 942 ## - ADDED ENTRY ELEMENTS (KOHA) | |
| Source of classification or shelving scheme | Biblioteca del Cogreso de los Estados Unidos |
| Koha item type | Libro |
| Estado de pérdida | Fuente de clasificación | Estado del daño | No para préstamo | Ubicación permanente | Ubicación actual | Apartado o colección | Fecha de adquisición | Edición | Área del conocimiento | Total Checkouts | Clasificación | Código de Barras | Date last seen | Número de copia | Costo por reposición | Tipo de recurso |
|---|---|---|---|---|---|---|---|---|---|---|---|---|---|---|---|---|
| Biblioteca del Cogreso de los Estados Unidos | Biblioteca de la Unidad de Ciencias Ingeniería y Humanidades | Biblioteca de la Unidad de Ciencias Ingeniería y Humanidades | General | 18/09/2023 | 1a ed. | Ciencias de la Salud | RC552.B84 F74 1999 | BCU000024362 | 18/09/2023 | 1 | 1.00 | Libro | ||||
| Biblioteca del Cogreso de los Estados Unidos | Biblioteca de la Unidad de Ciencias Ingeniería y Humanidades | Biblioteca de la Unidad de Ciencias Ingeniería y Humanidades | General | 18/09/2023 | 1a ed. | Ciencias de la Salud | RC552.B84 F74 1999 | BCU000024363 | 18/09/2023 | 2 | 1.00 | Libro | ||||
| Biblioteca del Cogreso de los Estados Unidos | Biblioteca de la Unidad de Ciencias Ingeniería y Humanidades | Biblioteca de la Unidad de Ciencias Ingeniería y Humanidades | General | 18/09/2023 | 1a ed. | Ciencias de la Salud | RC552.B84 F74 1999 | BCU000024364 | 18/09/2023 | 3 | 1.00 | Libro |